LEADER 03397nam 22006135 450 001 9910789910903321 005 20230126205123.0 010 $a1-280-57135-7 010 $a9786613600950 010 $a0-300-17793-3 024 7 $a10.12987/9780300177930 035 $a(CKB)2670000000176253 035 $a(StDuBDS)AH23056519 035 $a(SSID)ssj0000622703 035 $a(PQKBManifestationID)11388588 035 $a(PQKBTitleCode)TC0000622703 035 $a(PQKBWorkID)10643020 035 $a(PQKB)11719662 035 $a(MiAaPQ)EBC3420804 035 $a(DE-B1597)486326 035 $a(OCoLC)1024017537 035 $a(DE-B1597)9780300177930 035 $a(EXLCZ)992670000000176253 100 $a20200424h20122012 fg 101 0 $aeng 135 $aur||||||||||| 181 $ctxt$2rdacontent 182 $cc$2rdamedia 183 $acr$2rdacarrier 200 10$aConfiguring the Networked Self /$fJulie E. Cohen 210 1$aNew Haven, CT :$cYale University Press,$d[2012] 210 4$dİ2012 215 $a1 online resource (xi, 337 pages) 311 $a0-300-12543-7 320 $aIncludes bibliographical references and index. 327 $tFrontmatter --$tContents --$tAcknowledgments --$t1. Introduction: Imagining the Networked Information Society --$t2. From the Virtual to the Ordinary: Networked Space, Networked Bodies, and the Play of Everyday Practice --$t3. Copyright, Creativity, and Cultural Progress --$t4. Decentering Creativity --$t5. Privacy, Autonomy, and Information --$t6. Reimagining Privacy --$t7. "Piracy," "Security," and Architectures of Control --$t8. Rethinking "Unauthorized Access" --$t9. The Structural Conditions of Human Flourishing --$t10. Conclusion: Putting Cultural Environmentalism into Practice --$tNotes --$tBibliography --$tIndex 330 $aThe legal and technical rules governing flows of information are out of balance, argues Julie E. Cohen in this original analysis of information law and policy. Flows of cultural and technical information are overly restricted, while flows of personal information often are not restricted at all. The author investigates the institutional forces shaping the emerging information society and the contradictions between those forces and the ways that people use information and information technologies in their everyday lives. She then proposes legal principles to ensure that people have ample room for cultural and material participation as well as greater control over the boundary conditions that govern flows of information to, from, and about them. 606 $aCopyright and electronic data processing 606 $aData protection$xLaw and legislation 606 $aInformation networks$xLaw and legislation 606 $aInternet$xLaw and legislation$xSocial aspects 615 0$aCopyright and electronic data processing. 615 0$aData protection$xLaw and legislation. 615 0$aInformation networks$xLaw and legislation. 615 0$aInternet$xLaw and legislation$xSocial aspects. 676 $a342.08 58 686 $aLAW104000$aLAW050010$aLAW116000$aSOC052000$2bisacsh 700 $aCohen$b Julie E.$4aut$4http://id.loc.gov/vocabulary/relators/aut$01543791 801 0$bDE-B1597 801 1$bDE-B1597 906 $aBOOK 912 $a9910789910903321 996 $aConfiguring the Networked Self$93797420 997 $aUNINA LEADER 03037nam 2200445z- 450 001 9910346739203321 005 20210211 035 $a(CKB)4920000000094322 035 $a(oapen)https://directory.doabooks.org/handle/20.500.12854/53628 035 $a(oapen)doab53628 035 $a(EXLCZ)994920000000094322 100 $a20202102d2018 |y 0 101 0 $aeng 135 $aurmn|---annan 181 $ctxt$2rdacontent 182 $cc$2rdamedia 183 $acr$2rdacarrier 200 00$aMobile Genetic Elements in Cellular Differentiation, Genome Stability, and Cancer 210 $cFrontiers Media SA$d2018 215 $a1 online resource (123 p.) 225 1 $aFrontiers Research Topics 311 08$a2-88945-389-8 330 $aThe human genome, as with the genome of most organisms, is comprised of various types of mobile genetic element derived repeats. Mobile genetic elements that mobilize by an RNA intermediate, include both autonomous and non-autonomous retrotransposons, and mobilize by a "copy and paste" mechanism that relies of the presence of a functional reverse transcriptase activity. The extent to which these different types of elements are actively mobilizing varies among organisms, as revealed with the advent of Next Generation DNA sequencing (NGS).To understand the normal and aberrant mechanisms that impact the mobility of these elements requires a more extensive understanding of how these elements interact with molecular pathways of the cell, including DNA repair, recombination and chromatin. In addition, epigenetic based-mechanisms can also influence the mobility of these elements, likely by transcriptional activation or repression in certain cell types. Studies regarding how mobile genetic elements interface and evolve with these pathways will rely on genomic studies from various model organisms. In addition, the mechanistic details of how these elements are regulated will continue to be elucidated with the use of genetic, biochemical, molecular, cellular, and bioinformatic approaches. Remarkably, the current understanding regarding the biology of these elements in the human genome, suggests these elements may impact developmental biology, including cellular differentiation, neuronal development, and immune function. Thus, aberrant changes in these molecular pathways may also impact disease, including neuronal degeneration, autoimmunity, and cancer. 606 $aChemistry$2bicssc 610 $acellular differentiation 610 $aDNA repair 610 $agenome stability 610 $aMobile DNA 610 $amodel organisms 610 $aretrotransposon 610 $areverse transcriptase 610 $aRNA-dependent DNA polymerase 610 $atransposon 615 7$aChemistry 700 $aJose Luis Garcia Perez$4auth$01325055 702 $aTammy A. Morrish$4auth 906 $aBOOK 912 $a9910346739203321 996 $aMobile Genetic Elements in Cellular Differentiation, Genome Stability, and Cancer$93036524 997 $aUNINA